| 000 | 01059nas a2200361 4500 | ||
|---|---|---|---|
| 001 | BR0903942 | ||
| 003 | BR-BrBNA | ||
| 005 | 20231205113458.0 | ||
| 007 | ta | ||
| 008 | 230509b bl.|||p| |||| 00| 00por d | ||
| 040 |
_aBR-BrBNA _bpor _cBiblioteca Nacional de Agricultura |
||
| 041 | _a(Pt) | ||
| 072 | _aH60 | ||
| 100 | 1 | _aGuimarães, A.A. | |
| 100 | 1 | _aFerreira, E.A. | |
| 100 | 1 | _aVargas, L. | |
| 100 | 1 | _aSilva, A.A. | |
| 100 | 1 | _aViana, R.G. | |
| 100 | 1 | _aDemuner, A.J. | |
| 100 | 1 | _aConcenço, G. | |
| 100 | 1 | _aAspiazú, I. | |
| 100 | 1 | _aGalon, L. | |
| 100 | 1 | _aReis, M.R. | |
| 100 | 1 | _aSilva, A.F. | |
| 245 | 1 | _aComposição química da cera epicuticular de biótipos de azevém resistente e suscetível ao glyphosate | |
| 650 | _aAZEVEM | ||
| 650 | _aHERBICIDA | ||
| 650 | _aCONTROLE QUÍMICO | ||
| 773 | 0 |
_tPlanta Daninha (Brazil) _xISSN 0100-8358 _g(2009), v. 27(1) p. 149-154 _wBR0903942 |
|
| 856 | 4 | 0 | _uhttp://www.aprh.pt/rgci/pdf/rgci-155_Borges.pdf |
| 909 |
_a202311 _bLúcia _c55 _dLúcia Elande |
||
| 942 |
_2AGRIS _n0 _cANA |
||
| 999 |
_c203993 _d203993 |
||